Дело по отношению Рижского военного, Лифляндского, Эстляндского и Курляндского губернатора о крестьянском мальчике Димзе, изобли...

Доступно только в Электронных читальных залах Найти на картеНа карте
RUSMARC
00003731nmc2a22000003x 450
001ca375e4e-418e-4291-82ff-ed29f7ee6d15
00520180516143414.0
100##$a20160226l18431843k l0rusy0189 ca
1010#$arus
102##$aRU
2001#$aДело по отношению Рижского военного, Лифляндского, Эстляндского и Курляндского губернатора о крестьянском мальчике Димзе, изобличенном в поджигательстве
$j21 апреля - 26 июля 1843 г.
251##$cДело
300##$aДело
801#0$aRU
$bРГИА
$c20160226
$gRCR
801#1$aRU
$bГлавНИВЦ
$c20160226
$2rusmarc
801#2$aRU
$bПБ им. Б.Н. Ельцина
$c20180516
$gRCR
$2rusmarc
850##$aРГИА
852##$aРГИА
$eФедеральное казенное учреждение "Российский государственный исторический архив" (РГИА)
$j617
937##$hРГИА
$d12196956
$aASBIBLIO_SCAN
462#0$1001e71f34c7-6ba6-4504-897e-253c950c25bd
$12001
$a1841-1843 гг. Дела Департамента полиции исполнительной МВД за 1843 г.
$1251
$cОпись
$1852
$j8
461#0$10013e300ed0-cd39-49af-8489-5ba5b90fa401
$12001
$aДепартамент полиции исполнительной МВД
$1251
$cФонд
$1852
$j1286
215##$a14 л.
$d36,5х26 см
371##$aДокумент не является опубликованным и широко распространяемым
105##$ay###
1222#$ad
035##$aca375e4e-418e-4291-82ff-ed29f7ee6d15
856##$uhttp://readingroom.main.prlib.ru/item.aspx?id_node=n114879530&mode=full
Формат отображения